| 000 | 01234nam a2200409 i 4500 | ||
|---|---|---|---|
| 001 | 42898 | ||
| 003 | KOSZ 005 | ||
| 005 | 20210816145752.0 | ||
| 008 | 030515s1996 uk a f |000 0 eng d | ||
| 020 | _a0631193537 | ||
| 040 |
_cKOSZ 005 _aKOSZ 005 _dKOSZ 005/HR |
||
| 041 | 0 | _aeng | |
| 046 | _k1996 | ||
| 080 | _a821.111-82:"11/15" | ||
| 080 | _a821.111'36-112"11/15" | ||
| 100 | 1 |
_aBurrow, John Anthony _eAutor |
|
| 245 | 1 | 0 |
_aA book of middle English / _cJ. A. Burrow, Thorlac Turville-Petre. |
| 250 | _a2nd ed. | ||
| 260 |
_aOxford : _bBlackwell, _ccop. 1996. |
||
| 300 |
_aXII, 373 s. ; _c23 cm. |
||
| 380 | _aKsiążki | ||
| 388 | _a1901-2000 | ||
| 388 | _a1989-2000 | ||
| 648 | 7 | _a1101-1200 | |
| 648 | 7 | _a1201-1300 | |
| 648 | 7 | _a1301-1400 | |
| 648 | 7 | _a1401-1500 | |
| 650 | 9 | _aJęzyk angielski | |
| 650 | 9 | _aGramatyka historyczna | |
| 650 | 9 | _aSłownictwo | |
| 655 | 7 | _aLiteratura angielska | |
| 655 | _aAntologia | ||
| 658 | _aJęzykoznawstwo | ||
| 700 | 1 |
_aTurville-Petre, Thorlac _eAutor |
|
| 856 |
_uhttp://koha.tu.koszalin.pl/cgi-bin/koha/opac-detail.pl?biblionumber=42898 _yKatalog online BPK |
||
| 942 |
_cKS _2UKD |
||
| 999 |
_c42898 _d42898 |
||